[Event "EU-ch 12th"]
[Site "Aix les Bains"]
[Date "2011.03.28"]
[Round "7"]
[White "Svidler, Peter"]
[Black "Azarov, Sergei Nikolaevich"]
[Result "1-0"]
[WhiteElo "2730"]
[BlackElo "2615"]
[Annotator "Ftacnik,L/Primel,D"]
[PlyCount "123"]
[EventDate "2011.03.22"]
[EventType "swiss"]
[EventRounds "11"]
[EventCountry "FRA"]
[SourceTitle "CBM 142 Extra"]
[Source "ChessBase"]
[SourceDate "2011.06.27"]
[SourceVersion "1"]
[SourceVersionDate "2011.06.27"]
[SourceQuality "1"]
[TimeControl "40/5400+30:1800+30"]

1. e4 e5 2. Nf3 Nc6 3. Bb5 a6 4. Ba4 Nf6 5. O-O Be7 6. Re1 b5 7. Bb3 d6 8. c3
O-O 9. h3 h6 {Une ligne secondaire} (9... Na5) 10. d4 {94} Re8 {91} (10... Bb7
11. Nbd2) 11. Nbd2 Bf8 12. Bc2 {82} (12. Nf1 {La grande ligne} Bb7 13. Ng3)
12... Bb7 {88} 13. d5 $1 {[%csl Rb7,Rc6]} (13. a4) (13. a3) 13... Ne7 (13...
Nb8 {L'alternative qui est assez passive} 14. b3 c6 15. c4 $14 {Geller,E (2545)
-Zaitsev,I (2465) Yerevan zt 1982 (5) 1-0}) 14. b3 {77} c6 {86} 15. c4 $14 {
Les Noirs manquent un peu d'espace} cxd5 {Mine le centre avant de l'attaquer
par le levier f7f5} 16. cxd5 {[%csl Gc6]} Nd7 $1 {[%cal Gf7f5]} (16... Rc8 17.
Nf1 {[%cal Gf1e3,Ge3f5]} Nh5 {[%cal Gh5f4]} 18. a4 $1 {[%cal Ga4b5,Ga1a7];
Topalov,V (2630)-Piket,J (2670) Amsterdam Euwe Memorial 1995 (1) 1-0}) 17. a4
$1 {58 Le russe est sorti de sa préparation contrairement а son adversaire qui
continue а jouer trés vite.} (17. g4 Ng6 18. Nf1 Nf4 19. Kh2 Rc8 20. Bd2 h5 21.
Ne3 hxg4 22. hxg4 Nf6 23. Rg1 g6 24. Rc1 Qd7 25. Rg3 {Ivanchuk,V (2779)
-Morozevich,A (2771) Amber-blindfold 18th rapid 2009 (8) 1-0}) 17... f5 $1 {
[%csl Rd5][%cal Gf5e4,Ge7d5] 82} 18. axb5 (18. Ba3 Nf6 19. exf5 Nexd5) (18.
exf5 Nxd5 19. Ne4 Nb4 20. Bb1 d5 $132 {[%csl Gd5,Ge5];Shchekachev,A (2551)-Lin
Ta (2361) Bad Zwesten op 7th 2003 (7) 0-1}) 18... axb5 (18... fxe4 $6 19. Nxe4
Nxd5 20. bxa6 Nb4 21. Ba3 {[%csl Rd6]} Nxc2 22. axb7 Nxe1 23. Nxe1 Rb8 24. Bxd6
$36 {[%csl Gb7][%cal Gd1d5]}) 19. Rxa8 Qxa8 $132 {[%csl Rd5][%cal Ga8d5,Gf5e4]}
20. Bd3 {[%csl Rb5] 54} fxe4 $146 {Ftacnik: The mounting of the pressure
against the squares e4 and d5 is unpleasant for the first player. Analysis
proves that immediate action in the centre was good enough for equality.} ({RR
} 20... Nf6 21. Bxb5 ({RR} 21. exf5 Bxd5 22. Nh4 Bc6 23. Qe2 Qa5) 21... Rc8 22.
Bc4 ({RR} 22. exf5 Nxf5 ({RR} 22... Bxd5 23. Nh4) 23. Bd3 Ne7 24. Nc4 Nexd5 25.
Bf5 Rc7 26. Be6+ Kh7 27. Qc2+ e4 28. Bd2 Nb6) 22... fxe4 23. Nxe4 Nxe4 24. Rxe4
Bxd5 25. Rg4 Kh8 ({RR} 25... h5 26. Re4 g6) 26. Be3 ({RR} 26. Bb2 Bxf3 27. Qxf3
Qxf3 28. gxf3 d5 29. Bd3 Rb8) 26... Bxf3 27. gxf3 ({RR} 27. Qxf3 Qxf3 28. gxf3
d5 29. Ba6 Rc3) 27... d5 28. Bd3 Rc3 29. Bb1 ({RR} 29. b4 Qa3 30. Bf1 d4 31.
Bd2 Rxf3) 29... d4 ({RR} 29... Qa3 30. b4 Qb3) 30. Be4 Qa2 31. Bd2 Rxb3 ({RR} 
31... Qxb3 32. Qxb3 Rxb3 33. f4 Rb2 34. Ba5) 32. Kg2 ({RR} 32. f4 d3 33. Kg2
Rb1 34. Qf3 Qxd2 35. Bxd3 Rb8 ({RR} 35... Rb3 36. Qa8) 36. Qe4 Kg8 ({RR} 36...
g6 37. Qxe5+ Kh7 38. Qxb8 Qxd3 39. Qxf8) 37. Bc4+ Kh8 38. Bd3) 32... Rb2 33.
Be1 ({RR} 33. Bc1 Rxf2+ 34. Kg1 d3 35. Bxd3 ({RR} 35. Qxd3 Re2) 35... Nd5 36.
Bc4 Bc5 37. Bxa2 Rd2+ 38. Kh1 Rxd1+) 33... Nd5 34. Kg1 {0-1 Nisipeanu,L (2675)
-Ivanchuk,V (2746)/Bazna 2009/CBM 131/[Ftacnik] (34)} ({RR} 34. Bxd5 Qxd5 35.
Qd3 Be7) {RR} 34... Nf6 35. Rg6 Nxe4 36. fxe4 Rb1) 21. Bxb5 {49} ({RR} 21. Nxe4
Nxd5 22. Bxb5 Bc6 23. Bc4 N7b6 24. Nh4 Re6 25. Qg4 Qe8) 21... exf3 {89} 22.
Bxd7 fxg2 $1 (22... Rd8 23. Be6+ Kh7 24. Qxf3 Bxd5 25. Bxd5 Qxd5 26. Ne4 {
[%csl Ge4]}) 23. Ne4 {43} (23. Bxe8 Qxe8 24. Ne4 Bxd5 25. Ba3 (25. Nxd6 $2 Qd7)
25... Qa8 26. Nc3 Bf3 27. Qd3 e4 $36) 23... Nxd5 $11 {81 Le centre Blanc a
éclaté et les Noirs ont des pièces actives.} 24. Qh5 Re7 25. Bf5 {[%cal Gh5g6,
Gg6h7]} Qe8 26. Qg4 Rc7 27. Ba3 {27} (27. Bxh6 Bc8) 27... Bc8 (27... Qd8 $15 {
[%cal Gd8d6]}) 28. Nxd6 Bxd6 29. Bxd6 Bxf5 30. Qxf5 Rf7 31. Qxe5 Qxe5 32. Rxe5
Nf4 {[%csl Gf4,Gg2]} 33. Re8+ Kh7 34. Re3 g5 (34... Rf6 $5 35. Bxf4 $1 Rxf4 36.
Kxg2 {La mauvaise structure blanche réduit les chances de gain et la nulle est
probable en particulier parceque la R blanche est mal placée alors que dans la
partie, elle va réussir а se placer derrière le P passé "b"} Rb4 37. Kf3 Kg6
38. Ke2 Kf5 39. Kd2 g5 40. Kc3 Rf4 41. b4 Rxf2 42. b5 Rf1 43. Kb4 Rb1+ $132 {
[%csl Gb1]}) 35. b4 Nd5 $6 (35... Kg6) (35... Rb7) 36. Rd3 Nf4 37. Bxf4 Rxf4
38. Rb3 $1 $16 {[%csl Gb3,Rf4][%cal Gb4b8]} Rf6 39. b5 Rb6 {[%csl Gb3,Rb6]
Comme souvent la différence d'activité des R est plus importante que le
matériel et la position noire devient trés critique} 40. Kxg2 Kg6 41. Kg3 Kf5
42. Kf3 h5 {Un coup naturel mais qui va provoquer un affaiblissement de
l'aile-roi} 43. Rb1 Ke5 44. Ke3 Kd5 {Le problème de "l'âne de Buridan", le K
Noir ne peut а la fois attaquer le P"b" tout en protégeant l'aile-roi et la
position est sans espoir.} 45. Kd3 Rd6 46. b6 $1 Kc6+ 47. Ke4 $1 {[%csl Rg5]}
Kb7 48. Kf5 Rd5+ 49. Kg6 g4 50. h4 $1 {[%csl Rh5]} Ra5 51. Rb4 $1 {[%cal Gb4f4,
Gf4f5] La manoeuvre décisive} Rc5 52. Rf4 Kxb6 53. Rf5 {[%cal Gf5f2,Gf5h5]} Rc3
54. Rxh5 Rh3 55. Kf5 Rf3+ 56. Kxg4 Rxf2 57. Rg5 Kc7 58. h5 Rh2 59. Kf5 Kd7 60.
Kg6 Re2 61. h6 Re6+ 62. Kh5 1-0

[Event "EU-ch 12th"]
[Site "Aix les Bains"]
[Date "2011.03.30"]
[Round "8"]
[White "Smeets, Jan"]
[Black "Svidler, Peter"]
[Result "1/2-1/2"]
[WhiteElo "2660"]
[BlackElo "2730"]
[PlyCount "38"]
[EventDate "2011.03.22"]
[EventType "swiss"]
[EventRounds "11"]
[EventCountry "FRA"]
[SourceTitle "CBM 142 Extra"]
[Source "ChessBase"]
[SourceDate "2011.06.27"]
[SourceVersion "1"]
[SourceVersionDate "2011.06.27"]
[SourceQuality "1"]
[TimeControl "40/5400+30:1800+30"]

1. e4 e5 2. Nf3 Nc6 3. Bb5 a6 4. Bxc6 dxc6 5. O-O {81} (5. Nc3 Bc5 (5... f6) 6.
d3 Bg4 (6... f6)) 5... Be7 {81} (5... f6 6. d4 Bg4 (6... exd4 7. Nxd4 c5 8. Nb3
Qxd1 9. Rxd1)) (5... Bg4 6. h3 h5 7. d3 Qf6 8. Nbd2 Ne7 9. Re1 Ng6 10. d4 Bd6
11. hxg4 hxg4 12. Nh2) (5... Qd6 6. d3 (6. d4) 6... f6 7. Be3 Be6 (7... Bg4 8.
Nbd2 O-O-O 9. Rb1 Ne7 10. b4 g5 (10... Ng6) 11. a4 Ng6 12. b5 $36 {Mecking,H 
(2615)-Kortschnoj,V (2670) Candidates qf4 1974 (12) 1-0}) (7... c5)) 6. Qe2 {
Une ligne secondaire} (6. d3 Bf6 7. Nbd2 Ne7 8. Nc4 (8. d4 $1)) (6. Nxe5 Qd4 7.
Qh5 g6 8. Nf3 Qxe4 9. Qa5) 6... Bf6 (6... Bg4 7. h3 Bxf3 8. Qxf3 Bf6 (8... Bg5
{Salgado Lopez,I (2556)-Roiz,M (2677) Pamplona 18th 2008 (4) 1/2}) 9. d3 Ne7
10. Be3 Ng6 11. Nd2 O-O 12. g3 {1/2-1/2 Malisauskas,V (2491)-Butnorius,A (2437)
/Nemencine 2010/CBM 136 Extra}) 7. Rd1 {73 Les Blancs ont réfléchi longtemps
sur cette position} Bg4 (7... c5 8. c3 Bg4 9. d3 Qd7 10. h3 Bxf3 11. Qxf3 Ne7 {
Martinez,R (2425)-Sbarra,M (2312) Milan Crespi op-A 31st 2010 (8) 1/2}) 8. h3
Bxf3 9. Qxf3 Ne7 10. b3 {47} (10. d3 {Plus souple} O-O) 10... O-O {64} 11. Bb2
c5 {[%csl Gd4]} 12. d3 Nc6 $132 {[%csl Gd4]} 13. Qe2 {46} g6 {53} (13... Qe7)
14. Nd2 Bg7 15. Rf1 Qd7 16. Rae1 Rae8 {[%cal Ge8e5,Gf7f5]} (16... Rad8) 17. Qd1
Nd4 $11 {[%csl Gd4]} 18. Nf3 f5 19. Ba3 fxe4 1/2-1/2

[Event "EU-ch 12th"]
[Site "Aix les Bains"]
[Date "2011.04.02"]
[Round "11"]
[White "Wojtaszek, Radoslaw"]
[Black "Svidler, Peter"]
[Result "1/2-1/2"]
[WhiteElo "2711"]
[BlackElo "2730"]
[PlyCount "44"]
[EventDate "2011.03.22"]
[EventType "swiss"]
[EventRounds "11"]
[EventCountry "FRA"]
[SourceTitle "CBM 142 Extra"]
[Source "ChessBase"]
[SourceDate "2011.06.27"]
[SourceVersion "1"]
[SourceVersionDate "2011.06.27"]
[SourceQuality "1"]
[TimeControl "40/5400+30:1800+30"]

1. d4 {Incroyable, le polonais double les Blancs pour la .. seconde fois!} Nf6
2. c4 g6 3. Nf3 Bg7 4. g3 c5 (4... O-O) 5. Bg2 {Les Blancs préfèrent jouer une
anglaise plutôt qu'une Benoni et visiblement le polonais préfère assurer le
demi-point.} (5. d5) 5... O-O 6. O-O cxd4 7. Nxd4 d5 (7... Nc6 $132) 8. cxd5
Nxd5 9. Nb5 Be6 (9... a6) 10. Nd4 Bc8 (10... Bxd4 11. Qxd4 Nc6 $132 {Liabotro,
P (2300)-Zaltsman,V (2430) Gausdal Int 1986 0-1}) 11. Nc3 Nxc3 12. bxc3 Qc7 13.
Qb3 {74} (13. Be3 Nc6 14. Nxc6 bxc6 15. Qa4 Be6 16. Bxc6 Rac8 17. Bf3 Bxc3 18.
Rab1 a5 19. Rfc1 {1/2-1/2 Gligoric,S (2575)-Czerniak,M/Moscow 1956/MCD}) 13...
Nc6 {67} (13... Rd8 14. Bf4 e5 15. Nb5 Qe7 16. Be3 Nc6 17. Qa3 Qxa3 18. Nxa3
Be6 19. Rfb1 Rd7 20. Rxb7 Rxb7 21. Bxc6 Rab8 22. Bxb7 Rxb7 23. c4 Bf8 24. Rb1
Rxb1+ 25. Nxb1 Bxc4 26. Bxa7 Bxe2 27. Nc3 Bc4 28. a4 {Karpov,A (2619)-Aronian,
L (2786)/Moscow 2009/EXT 2010/1/2-1/2 (59)}) 14. Nxc6 bxc6 {Avec la structure
symétrique, une nulle rapide est déjà prévisible.} 15. Bf4 {[%cal Gf4c7]} Qa5
16. Bxc6 {68} (16. Rac1) 16... Be6 {59} 17. Qb4 Qxb4 18. cxb4 Bxa1 19. Bxa8 Bc3
20. Bf3 Bxb4 21. Rc1 $146 (21. Rb1 {Bocharov,D (2585)-Sutovsky,E (2669) Moscow
Aeroflot op-A 2005 (1) 1/2}) 21... Bxa2 (21... a5) 22. Ra1 Be6 1/2-1/2

[Event "FIDE World Cup"]
[Site "Khanty-Mansiysk"]
[Date "2011.08.28"]
[Round "1.1"]
[White "Lima, Darcy Gustavo Macha"]
[Black "Svidler, Peter"]
[Result "1/2-1/2"]
[WhiteElo "2493"]
[BlackElo "2739"]
[Annotator "Krasenkow,M"]
[PlyCount "82"]
[EventDate "2011.08.28"]
[EventType "k.o."]
[EventRounds "7"]
[EventCountry "RUS"]
[SourceTitle "CBM 145"]
[Source "ChessBase"]
[SourceDate "2011.11.11"]
[SourceVersion "1"]
[SourceVersionDate "2011.11.11"]
[SourceQuality "1"]

1. d4 Nf6 2. c4 g6 3. Nc3 d5 4. cxd5 Nxd5 5. e4 Nxc3 6. bxc3 Bg7 7. Nf3 c5 8.
Be3 Qa5 9. Nd2 {This move is gradually gaining some popularity. It was
recently played in Aronian-Sutovsky (see CBM 144).} Nd7 (9... cxd4 10. Nc4 Qd8
(10... dxe3 11. Nxa5 Bxc3+ 12. Ke2 Bxa5 13. Kxe3 O-O 14. Bb5 a6 15. Ba4 b5 16.
Qd5 Ra7 17. Bb3 {1-0 Aronian,L (2805)-Sutovsky,E (2700)/Ningbo CHN 2011/The
Week in Chess 871 (38)} Rd7 18. Qc5 Bb7 $44) 11. cxd4 O-O 12. Rb1 f5 13. exf5
Bxf5 14. Rxb7 Nc6 15. d5 Bc3+ 16. Bd2 Nd4 17. Ne3 Qa5 18. Bxc3 Qxc3+ 19. Qd2
Qa1+ 20. Qd1 Qc3+ 21. Qd2 Qa1+ 22. Qd1 {1/2 Avrukh,B (2601)-Kovchan,A (2558)/
Mulhouse FRA 2011/The Week in Chess 865}) 10. Rc1 $6 $146 {[%mdl 512] Hardly a
good idea. After making a solid move Nf3-d2, White suddenly sacrifices a pawn.
Not surprisingly, his compensation will be doubtful.} (10. Nb3 Qc7 (10... Qxc3+
11. Bd2 Qb2 12. Bc1 Qc3+ $11) 11. Be2 (11. Bb5 O-O 12. O-O Nf6 {[%cal Rf6g4]}
13. f3 a6 14. Be2 c4 15. Nd2 b5 16. f4 Bb7 17. Bf3 Nd7 18. f5 e5 $1 19. fxe6
fxe6 20. e5 Bxf3 21. Nxf3 Qc6 $15 {0-1 Vanheste,J (2380)-Tukmakov,V (2570)/
Ostend 1990/EXT 1997 (46)}) 11... O-O 12. O-O b6 13. Qc1 Bb7 14. f3 Rfe8 15.
Rd1 Rac8 16. Bb5 Bc6 17. Ba6 Rcd8 18. Bf4 e5 19. Bg5 f6 20. Be3 Ba4 $11 {
0-1 Jepson,C (2405)-Nielsen,P (2681)/Helsingor DEN 2011/The Week in Chess 874 
(64)}) 10... Qxa2 11. Be2 O-O 12. O-O Qa5 13. d5 {On the following day an
Argentinian GM tried another plan but without success:} (13. e5 Qd8 14. f4 cxd4
15. Bxd4 Nb8 16. Bf3 Qc7 17. Ne4 Nc6 18. Qa4 Bd7 19. Qa3 Rad8 20. Be3 Bc8 21.
c4 Bh6 22. Nc3 Rd3 23. Qc5 Qxe5 $3 24. Nd5 Qd6 $17 {1/2 Mareco,S (2597)-Berkes,
F (2696)/Khanty-Mansiysk RUS 2011/The Week in Chess 877 (68)}) 13... b5 14. c4
b4 15. f4 Qc7 16. e5 {[%csl Gd5,Ge5]} a5 {[%csl Ga5,Gb4]} 17. Ne4 a4 18. Ra1 a3
{Despite White's strong pawn centre, Black's queenside passed pawns look more
formidable.} 19. Ra2 Ra5 20. Qb3 Ba6 21. h4 e6 22. dxe6 fxe6 23. h5 Qc6 (23...
Nb6 $5 {[%cal Yb6a4,Ya4b2]}) 24. Ng5 (24. Nd6 $5 $132) 24... Re8 (24... Bh6 $5
25. hxg6 Bxg5 26. gxh7+ Kh8 27. fxg5 Qe4) (24... h6 $142 25. Nf3 Bb7 26. Rd1
Qa4 $17) 25. hxg6 hxg6 26. Bd3 Nf8 27. Qb1 Re7 28. Bxg6 $6 {This attack is
incorrect although proving that over the board is not an easy task.} (28. Kf2
$15) 28... Bxc4 29. Bh7+ Kh8 30. Be4 Bd5 $1 (30... Qb5 31. Rf3 Bxa2 32. Rh3+
Kg8 33. Bh7+ Nxh7 34. Qxh7+ Kf8 35. Qg6 $40) 31. g4 Bxe4 32. Nxe4 b3 $1 33.
Rh2+ Kg8 34. Nf6+ Bxf6 35. exf6 Rb7 36. Qe1 b2 $2 {Practically giving up this
important pawn and missing out on the win.} (36... Qe4 $19) 37. Qxa5 b1=Q 38.
Rxb1 Rxb1+ 39. Kf2 {Black does not have the power to create any threats.} Rb2+
40. Kg3 Rxh2 41. Kxh2 Qf3 1/2-1/2

[Event "FIDE World Cup"]
[Site "Khanty-Mansiysk"]
[Date "2011.09.02"]
[Round "2.5"]
[White "Svidler, Peter"]
[Black "Nguyen, Ngoc Truong Son"]
[Result "1-0"]
[WhiteElo "2739"]
[BlackElo "2637"]
[Annotator "Marin,M"]
[PlyCount "57"]
[EventDate "2011.08.28"]
[EventType "k.o."]
[EventRounds "7"]
[EventCountry "RUS"]
[SourceTitle "CBM 145"]
[Source "ChessBase"]
[SourceDate "2011.11.11"]
[SourceVersion "1"]
[SourceVersionDate "2011.11.11"]
[SourceQuality "1"]

1. e4 e6 2. d4 d5 3. e5 c5 4. c3 Nc6 5. Nf3 Nh6 6. Bd3 cxd4 7. Bxh6 $5 {
Rarely played.} (7. cxd4 {is the main move.}) 7... gxh6 8. cxd4 Qb6 9. Qd2 Bd7
10. Be2 {White usually gets this position with an extra tempo (by playing 6.
Bd3).} Bg7 $6 $146 {Preparing short castling does not look like a good idea.} (
10... Rg8 11. O-O O-O-O 12. Nc3 Kb8 13. Rfd1 Be7 14. Rab1 Rg6 15. b4 Rdg8 16.
g3 h5 {0-1 Pimplis,E-Spirakopoulos,I/Athens 1994/EXT 2003 (35)}) 11. Nc3 {
Starting from this moment, White plays very logically, transferring the
required pieces to the kingside. Black's efforts to simplify will be of no use,
since White needs relatively few pieces to get decisive threats.} O-O 12. O-O
Ne7 13. Bd3 Kh8 14. Ne2 Bb5 15. Bxb5 Qxb5 16. Nf4 Ng6 17. Nh5 Rac8 18. Rac1 Qd7
19. h4 Rxc1 20. Rxc1 Rc8 21. g3 Rc6 22. Rxc6 Qxc6 23. Nh2 Ne7 24. Qf4 Nf5 25.
g4 Qc2 26. Nf3 Ne7 27. Qxf7 Qg6 28. Qxe7 Qxg4+ 29. Kh2 1-0

[Event "EU-chT (Men) 18th"]
[Site "Porto Carras"]
[Date "2011.11.03"]
[Round "1.1"]
[White "Svidler, Peter"]
[Black "Bologan, Viktor"]
[Result "1/2-1/2"]
[WhiteElo "2755"]
[BlackElo "2665"]
[Annotator "Kruttika,Nadig"]
[PlyCount "90"]
[EventDate "2011.11.03"]
[EventType "team-swiss"]
[EventRounds "9"]
[EventCountry "GRE"]
[SourceTitle "CBM 146"]
[Source "ChessBase"]
[SourceDate "2012.01.18"]
[SourceVersion "1"]
[SourceVersionDate "2012.01.18"]
[SourceQuality "1"]
[WhiteTeam "Russia"]
[BlackTeam "Moldova"]
[WhiteTeamCountry "RUS"]
[BlackTeamCountry "MDA"]

1. e4 c6 2. d4 d5 3. e5 Bf5 4. Nf3 e6 5. Be2 Ne7 6. Nbd2 h6 7. O-O Bg6 8. c3
Nd7 9. Nb3 Nf5 10. g4 $6 Nh4 11. Nxh4 Qxh4 12. f4 Be7 13. Bd2 Be4 14. Bf3 f5
15. gxf5 Bxf5 16. Be1 Qh3 17. Nc1 g5 18. Bg2 Qg4 19. Ne2 Qh5 20. Ng3 Qxd1 21.
Rxd1 g4 22. h3 h5 23. hxg4 hxg4 24. c4 Nb6 25. cxd5 Nxd5 26. Bd2 {The new Lets
Check function in Fritz 13 showed this position to have been visited over 50
times in the virtual cloud. Fritz 13 at depth 24 recommends 26. ...Bd3 with
the evaluation} Rd8 (26... Bd3 $142 27. Rfe1 O-O-O $17) 27. Be4 Bxe4 28. Nxe4
Rh3 29. f5 Rh8 30. Ng3 Rh3 31. Ne4 (31. Kg2 $11) 31... exf5 32. Rxf5 Kd7 33.
Nf2 Rh7 34. Bg5 g3 35. Ne4 Rdh8 36. Nxg3 Rg8 37. e6+ Kxe6 38. Re1+ Kd7 39. Bxe7
Rxg3+ 40. Kf2 Rgh3 41. Ba3 b5 42. Ree5 a5 43. Bc5 Rh2+ 44. Kf3 Rxb2 (44...
R7h3+ 45. Kg4 Ne3+ 46. Rxe3 Rxe3 47. Rf7+ Kd8 48. Ra7 Rxb2 49. Rxa5 Ree2 50. a3
Kd7 $19) 45. Rf8 Rbh2 {an inexplicable draw offer} ({Who wouldn't take on a2
and play on for a win, or go for} 45... Rd2 46. Ra8 Rf7+ 47. Kg3 Rd3+ 48. Kg4
Rg7+ 49. Kf5 Rf3+ 50. Ke4 Rf4+ 51. Kd3 Rg3+ {which should be winning.}) 1/2-1/2

[Event "Gibraltar Masters 10th"]
[Site "Caleta"]
[Date "2012.01.26"]
[Round "3"]
[White "Svidler, Peter"]
[Black "Muzychuk, Anna"]
[Result "1/2-1/2"]
[WhiteElo "2749"]
[BlackElo "2580"]
[PlyCount "88"]
[EventDate "2012.01.24"]
[EventType "swiss"]
[EventRounds "10"]
[EventCountry "GGB"]
[SourceTitle "CBM 147"]
[Source "ChessBase"]
[SourceDate "2012.03.16"]
[SourceVersion "1"]
[SourceVersionDate "2012.03.16"]
[SourceQuality "1"]

1. e4 e5 2. Nf3 Nc6 3. Bb5 a6 4. Ba4 Nf6 5. O-O Be7 6. Re1 b5 7. Bb3 O-O 8. h3
Bb7 9. d3 d5 10. exd5 Nxd5 11. Nxe5 Nxe5 12. Rxe5 Qd6 13. Re1 Rae8 14. Nd2 c5
15. Ne4 Qc6 16. c4 Nb6 17. cxb5 axb5 18. Qf3 c4 19. dxc4 bxc4 20. Bc2 f5 21.
Nc3 Qxf3 22. gxf3 Bxf3 23. Bf4 Bb4 24. Rxe8 Rxe8 25. Bxf5 Bxc3 26. bxc3 Nd5 27.
Bd7 Re2 28. Bb5 Nxf4 29. Bxc4+ Bd5 30. Bxe2 Nxe2+ 31. Kh2 Nxc3 32. a4 Ne4 33.
a5 Nxf2 34. a6 Ne4 35. a7 Nf6 36. a8=Q+ Bxa8 37. Rxa8+ Kf7 38. Kg3 g5 39. Kf3
Kg6 40. Ra5 h5 41. Ke3 h4 42. Kf3 Kh6 43. Ke3 Kg6 44. Rb5 g4 1/2-1/2

[Event "Gibraltar Masters 10th"]
[Site "Caleta"]
[Date "2012.01.29"]
[Round "6"]
[White "Berg, Emanuel"]
[Black "Svidler, Peter"]
[Result "1/2-1/2"]
[WhiteElo "2550"]
[BlackElo "2749"]
[PlyCount "64"]
[EventDate "2012.01.24"]
[EventType "swiss"]
[EventRounds "10"]
[EventCountry "GGB"]
[SourceTitle "CBM 147"]
[Source "ChessBase"]
[SourceDate "2012.03.16"]
[SourceVersion "1"]
[SourceVersionDate "2012.03.16"]
[SourceQuality "1"]

1. e4 e5 2. Nf3 Nc6 3. Bb5 a6 4. Ba4 Nf6 5. O-O Be7 6. Re1 b5 7. Bb3 d6 8. c3
O-O 9. h3 Re8 10. Ng5 Rf8 11. Nf3 Nb8 12. d3 Nbd7 13. Nbd2 Nc5 14. Bc2 Ne6 15.
d4 exd4 16. Nxd4 Nxd4 17. cxd4 c5 18. Nf3 Re8 19. Bg5 h6 20. Bh4 Bb7 21. Qd3
Nd7 22. e5 Nf8 23. exd6 Qxd6 24. Bxe7 Rxe7 25. Rxe7 Qxe7 26. Re1 Qd6 27. dxc5
Qxc5 28. Bb3 Ra7 29. Ne5 Bc8 30. Qe4 Be6 31. Bxe6 Nxe6 32. Nxf7 Rxf7 1/2-1/2

[Event "Gibraltar Masters 10th"]
[Site "Caleta"]
[Date "2012.01.30"]
[Round "7"]
[White "Svidler, Peter"]
[Black "Stefanova, Antoaneta"]
[Result "1-0"]
[WhiteElo "2749"]
[BlackElo "2523"]
[PlyCount "73"]
[EventDate "2012.01.24"]
[EventType "swiss"]
[EventRounds "10"]
[EventCountry "GGB"]
[SourceTitle "CBM 147"]
[Source "ChessBase"]
[SourceDate "2012.03.16"]
[SourceVersion "1"]
[SourceVersionDate "2012.03.16"]
[SourceQuality "1"]

1. e4 e5 2. Nf3 Nc6 3. Bb5 Bc5 4. c3 Qf6 5. d4 exd4 6. e5 Qg6 7. O-O d5 8. cxd4
Bb6 9. Nc3 Nge7 10. a4 a6 11. Bxc6+ bxc6 12. a5 Ba7 13. e6 Bxe6 14. Bf4 O-O 15.
Qd2 c5 16. dxc5 Bxc5 17. Na4 Bd6 18. Bxd6 cxd6 19. Nd4 Rab8 20. f3 h5 21. Rac1
h4 22. b4 Qf6 23. Nb6 Rb7 24. Rfe1 Ng6 25. h3 Ne5 26. Rc2 Qg6 27. Rc3 Rfb8 28.
Rec1 Rxb6 29. axb6 Rxb6 30. f4 Nc4 31. Qf2 Rxb4 32. f5 Bxf5 33. Qxf5 Qh6 34.
Rf1 Rb2 35. Qxf7+ Kh7 36. Qxd5 Nd2 37. Qf5+ 1-0

[Event "Gibraltar Masters 10th"]
[Site "Caleta"]
[Date "2012.01.31"]
[Round "8"]
[White "Dzagnidze, Nana"]
[Black "Svidler, Peter"]
[Result "0-1"]
[WhiteElo "2535"]
[BlackElo "2749"]
[PlyCount "86"]
[EventDate "2012.01.24"]
[EventType "swiss"]
[EventRounds "10"]
[EventCountry "GGB"]
[SourceTitle "CBM 147"]
[Source "ChessBase"]
[SourceDate "2012.03.16"]
[SourceVersion "1"]
[SourceVersionDate "2012.03.16"]
[SourceQuality "1"]

1. d4 Nf6 2. c4 g6 3. Nc3 d5 4. Bf4 Bg7 5. Rc1 Nh5 6. Bg5 h6 7. Bh4 c5 8. e3
cxd4 9. exd4 dxc4 10. Nf3 O-O 11. Bxc4 Bg4 12. O-O Nc6 13. d5 Nd4 14. Re1 Bxf3
15. gxf3 Qc7 16. Bf1 Qf4 17. Bg3 Nxf3+ 18. Kh1 Qf6 19. Re3 Nxg3+ 20. fxg3 Nd4
21. Bh3 Qg5 22. Qd3 Rad8 23. Rce1 e5 24. dxe6 Nxe6 25. Qe2 Bd4 26. Rf3 Rfe8 27.
Qc4 Qc5 28. Qb3 Ng5 29. Rxe8+ Rxe8 30. Rf1 Bxc3 31. bxc3 b5 32. Bd7 Re5 33. h4
Qc7 34. Qd1 Ne4 35. Rf3 Re7 36. Bxb5 Nxg3+ 37. Rxg3 Qb7+ 38. Rf3 Qxb5 39. Qd8+
Re8 40. Qf6 Qb1+ 41. Rf1 Qxa2 42. h5 Qd5+ 43. Kg1 Re5 0-1

[Event "Prague Cez Trophy m"]
[Site "Prague"]
[Date "2012.06.20"]
[Round "1"]
[White "Navara, David"]
[Black "Svidler, Peter"]
[Result "1/2-1/2"]
[WhiteElo "2706"]
[BlackElo "2741"]
[PlyCount "70"]
[EventDate "2012.06.20"]
[EventType "match"]
[EventRounds "4"]
[EventCountry "CZE"]
[SourceTitle "CBM 149"]
[Source "ChessBase"]
[SourceDate "2012.07.17"]
[SourceVersion "1"]
[SourceVersionDate "2012.07.17"]
[SourceQuality "1"]

1. Nf3 g6 2. e4 c5 3. c4 Bg7 4. d4 cxd4 5. Nxd4 Nc6 6. Be3 Nf6 7. Nc3 O-O 8.
Be2 d6 9. O-O Nxd4 10. Bxd4 Bd7 11. Qd2 Bc6 12. f3 a5 13. b3 Nd7 14. Be3 Nc5
15. Rab1 Qb6 16. Rfc1 Rfc8 17. Rc2 h5 18. Bf1 Kh7 19. g3 Qd8 20. Bh3 e6 21. Rd1
Be5 22. Nb5 Qf8 23. Qe2 Rd8 24. Bg5 Rd7 25. Nd4 f5 26. Nxc6 bxc6 27. Be3 Qe7
28. Bg2 Bg7 29. Rcd2 Rad8 30. Bxc5 dxc5 31. exf5 Bd4+ 32. Kf1 exf5 33. Qxe7+
Rxe7 34. f4 Rd6 35. Re2 Rxe2 1/2-1/2